Statistiques concernant QCM Monarchie de Juillet.

Cliquez ici pour prendre le quiz!

Statistiques générales

  • Ce quiz a été pris 563 fois
  • Le résultat moyen est 8 sur 10

Statistiques - réponses

QuestionRéponse% Correct
Quel événement la met en place?Les Trois Glorieuses
92%
En quelle année?1830
85%
En quelle année?1848
85%
Comment se nomme les révolte ouvrière ayant eu lieu à Lyon en novembre 1831 ainsi qu'en 1834 et 1848?La révolte des Canuts
80%
Quel régime est alors mis en place?La IIe République
79%
Qu'est-ce qui poussa Louis-Philippe à l'abdication?Une révolte
79%
À quel régime succède la Monarchie de Juillet?La Restauration
78%
Qui est Charles X pour Louis-Philippe Ier?Son cousin
73%
Quel régime est la monarchie de Juillet?Monarchie constitutionnelle
61%
Quel symbole de la monarchie française n'apparaît plus sur les armes de la monarchie de Juillet?Les fleurs de lys
57%

Distribution des résultats

Percentile par nombre de réponses

% des personnes avec chaque résultat

Votre développement - résultats

Vous n’avez pas pris ce quiz